| 000 | 00459nam a2200181Ia 4500 | ||
|---|---|---|---|
| 008 | 131103s9999 xx 000 0 und d | ||
| 020 | _cRs.30.00 | ||
| 040 | _aLoreto College | ||
| 041 | _aEnglish | ||
| 082 |
_aMIS/N//MAN _bLCBED/10037 |
||
| 100 | _aMannath, Joe | ||
| 245 |
_aYou surprised me _cJoe Mannath |
||
| 260 |
_aMadras _bChair _c1987 |
||
| 300 |
_aviii,151p. _c 21cm. |
||
| 650 | _aEnglish poetry | ||
| 850 | _aLCBED/MIS/N/MAN | ||
| 942 | _cBK | ||
| 999 |
_c30803 _d81282 |
||